000 00548nam a22001697a 4500
008 151015b xxu||||| |||| 00| 0 eng d
020 _a0967920825
050 _aG 70.212 .T44 2003
100 _aTheobald, David M.
_d 2003.
245 _aGIS Concepts and ARCGIS Methods
_cDavid M. Theobald
250 _a1st ed.
260 _aUSA,
_bConservation Planning Technologies,
_c 2003.
300 _ax, 334p. :ill.; 23 cm
650 _aGeographical information systems
760 _b1st ed.
942 _2lcc
_cBOOKS
_hG 70.212 .T44 2003
_01
999 _c8867
_d8867